Gramática transformacional e ideología política /

Gorde:
Xehetasun bibliografikoak
Egile nagusia: Ponzio, Augusto (autor)
Formatua: Liburua
Hizkuntza:gaztelania
Argitaratua: Buenos Aires, Argentina : Nueva Visión, 1974, c1974
Saila:(Fichas ; 36)
Gaiak:
Etiketak: Etiketa erantsi
Etiketarik gabe, Izan zaitez lehena erregistro honi etiketa jartzen!

MARC

LEADER 00000nam^a2200000^a^4500
001 000183517
005 20250521000000.0
009 20260310102044.618
037 |a Acervo ITESO - Biblioteca 
041 |a ESP 
082 |a 412. 2  |b PON 
100 |a Ponzio, Augusto  |e (autor) 
245 1 0 |a Gramática transformacional e ideología política /  |c A. Ponzio ; tr. por Augusto Bianco. 
264 4 |a Buenos Aires, Argentina :  |b Nueva Visión,  |c 1974, c1974 
300 |a 117 p. 
336 |a texto  |b txt  |2 rdacontenido 
337 |a sin mediación  |b n  |2 rdamedio 
338 |a volumen  |b nc  |2 rdasoporte 
440 1 |a (Fichas ;  |v 36) 
500 |a Traducción de: Grammatica transformazionale e ideologia política 
649 |a XX 
650 |a Lingüistas y Semiólogos Norteamericanos 
650 |a Gramática Generativa y Transformativa 
650 |a Lingüística Generativa y Transformativa 
650 |a Ideología 
650 |a Política 
650 |a Chomsky, Noam 
910 |a Fondo Armando Suárez Gómez 
920 |a Impresos - Libros 
930 |a Fondos Especiales 
905 |a 111 
901 |a 0700004934  |b IT2  |c ESP  |u 20250521 
902 |a https://opac.biblio.iteso.mx/vufind/Record/000183517